000 00807cab a2200229 4500
001 WB2927-39
008 090401t1993 xxu||||| |||| 00| 0 eng d
035 _a(Sirsi) u72250
041 _aeng
245 _aBusinesses need agents
260 _c1993
350 _a0
490 _aEstates Gazette
_v(9327) 10 Juy 1993, 30(1)
520 _aThe Estates Gazette "Tenants Buying survey" of top 5000 companies identifed by Dun and Bradstreet and The Times Top 1000 shows a majority of major tenants and occupiers consulting chartered surveyors for advice.
650 _aABOUT RICS-RICS MEMBERS
650 _aNON-PROPERTY COMPANIES
650 _aPROFESSIONAL ADVICE
650 _aPROPERTY ASSETS
690 _aMANAGEMENT-BUSINESS MANAGEMENT-PROFESSIONAL PRACTICE
942 _n0
948 _c04/03/1997
999 _c45624
_d45624